Rosencrantz and guildenstern are Dead (Record no. 2313)
[ view plain ]
| 000 -LEADER | |
|---|---|
| fixed length control field | 00503nam a22001937a 4500 |
| 003 - CONTROL NUMBER IDENTIFIER | |
| control field | OSt |
| 005 - DATE AND TIME OF LATEST TRANSACTION | |
| control field | 20151029134545.0 |
| 008 - FIXED-LENGTH DATA ELEMENTS--GENERAL INFORMATION | |
| fixed length control field | 130311t xxu||||| |||| 00| 0 eng d |
| 020 ## - INTERNATIONAL STANDARD BOOK NUMBER | |
| International Standard Book Number | 9780802132758 |
| 050 ## - LIBRARY OF CONGRESS CALL NUMBER | |
| Classification number | PR 6069 |
| Item number | .St893 1967 |
| 082 ## - DEWEY DECIMAL CLASSIFICATION NUMBER | |
| Classification number | IB 822.914 |
| Item number | St7 1967 |
| 100 ## - MAIN ENTRY--PERSONAL NAME | |
| Personal name | Stoppard, Tom |
| 245 ## - TITLE STATEMENT | |
| Title | Rosencrantz and guildenstern are Dead |
| Statement of responsibility, etc | Tom Stoppard |
| 260 ## - PUBLICATION, DISTRIBUTION, ETC. (IMPRINT) | |
| Place of publication, distribution, etc | New York |
| Name of publisher, distributor, etc | Faber and Faber |
| Date of publication, distribution, etc | 1967 |
| 300 ## - PHYSICAL DESCRIPTION | |
| Extent | 125 pages.; |
| Dimensions | 21 cm. |
| 562 ## - COPY AND VERSION IDENTIFICATION NOTE | |
| Number of copies | 4 |
| 942 ## - ADDED ENTRY ELEMENTS (KOHA) | |
| Source of classification or shelving scheme | Library of Congress Classification |
| Koha item type | Books |
| Withdrawn status | Lost status | Source of classification or shelving scheme | Damaged status | Home library | Current library | Shelving location | Date acquired | Total Checkouts | Total Renewals | Full call number | Barcode | Date last seen | Date checked out | Copy number | Price effective from | Koha item type | Source of acquisition |
|---|---|---|---|---|---|---|---|---|---|---|---|---|---|---|---|---|---|
| Library of Congress Classification | Luxembourg Library | Luxembourg Library | International Baccalaureate Section | 03/11/2013 | 2 | 18 | PR 6069 .St893 1967 | 14512 | 05/29/2019 | 01/30/2019 | 1 | 10/03/2013 | Books | ||||
| Library of Congress Classification | Luxembourg Library | Luxembourg Library | International Baccalaureate Section | 06/24/2013 | PR 6069 .St893 1967 | 16860 | 05/29/2019 | 2 | 10/03/2013 | Books | |||||||
| Library of Congress Classification | Luxembourg Library | Luxembourg Library | International Baccalaureate Section | 06/24/2013 | PR 6069 .St893 1967 | 16861 | 05/29/2019 | 3 | 10/03/2013 | Books | |||||||
| Library of Congress Classification | Luxembourg Library | Luxembourg Library | International Baccalaureate Section | 06/24/2013 | 1 | 16 | PR 6069 .St893 1967 | 16862 | 05/23/2019 | 01/30/2019 | 4 | 10/03/2013 | Books | ||||
| Library of Congress Classification | Luxembourg Library | Luxembourg Library | Classic Section | 10/29/2015 | PR 6069 .St893 1967 | 13942 | 10/29/2015 | 10/29/2015 | Books | Library Fund |